000 00531pam a2200193 a 4500
020 _a9780702027468
_c4951.87
041 _aeng
_hNULL
082 _a618.2
_bBAR
100 _aBASKETT T.F.,CALDER A.A.,ARULKUMARAN S. .
245 _aMUNRO KERR`S OPERATIVE OBSTETRICS /
_cNULL.
_hTextual Documents
250 _a11 ED /
_b.
260 _aNULL :
_bSAUNDERS ,
_c2007.
300 _a341 : :
_bXI ; ;
_cA4 . +
_ePB.
365 _a4951.87
700 _a .
_a .
930 _a2510
999 _c797045
_d797045
650 _aOBST.GYNE